000 00928nas a2200313 4500
001 BR9900621
003 BR-BrBNA
005 20231205101224.0
007 ta
008 230509b bl.|||p| |||| 00| 00por d
040 _aBR-BrBNA
_bpor
_cBiblioteca Nacional de Agricultura
041 _a(Pt)
072 _aF01
100 1 _aQueiroz, E.F. de
100 1 _aGaudencio, C. de A.
100 1 _aGarcia, A.
100 1 _aTorres, E.
100 1 _aOliveira, M.C.N. de
245 1 _aEfeito de epoca de plantio sobre o rendimento da soja, na regiao norte do Parana
650 _aSoja
650 _aEpoca de Plantio
650 _aCondicao Ambiental
650 _aRendimento
650 _aEstatura de Planta
650 _aPARANÁ
773 0 _tPesquisa Agropecuaria Brasileira (Brazil)
_xISSN 0100-204X
_g(Sep 1998), v. 33(9) p. 1461-1474
_wBR9900621
909 _a202311
_bLúcia
_c55
_dLúcia Elande
942 _2AGRIS
_n0
_cANA
999 _c160507
_d160507